Numerical methods for engineers and scientists / (Record no. 188761)

000 -LEADER
fixed length control field 00860 a2200181 4500
003 - CONTROL NUMBER IDENTIFIER
control field Nust
005 - DATE AND TIME OF LATEST TRANSACTION
control field 20250322133134.0
020 ## - INTERNATIONAL STANDARD BOOK NUMBER
International Standard Book Number 8173195374
040 ## - CATALOGING SOURCE
Transcribing agency Nust
082 ## - DEWEY DECIMAL CLASSIFICATION NUMBER
Classification number 519.4,SHA
100 ## - MAIN ENTRY--PERSONAL NAME
Personal name Sharma, Jagan Nath
9 (RLIN) 128512
245 ## - TITLE STATEMENT
Title Numerical methods for engineers and scientists /
Statement of responsibility, etc. J.N.Sharma
260 ## - PUBLICATION, DISTRIBUTION, ETC.
Place of publication, distribution, etc. Narosa Publishing House
Name of publisher, distributor, etc. New Delhi
Date of publication, distribution, etc. 2004
300 ## - PHYSICAL DESCRIPTION
Extent xiii, 336 p
Other physical details illus
Dimensions 24 cm
505 ## - FORMATTED CONTENTS NOTE
Formatted contents note Numerical Computations and Error Analysis (Page-1), Algebraic and Transcendental Equations (Page-21), Systems of Simultaneous Algebraic Equations (Page-67), Interpolation ad Functions Approximations (Page-113), Numerical Differentiation and Integration (Page-181), Ordinary Differential Equations (Page-222), Partial Differential Equations (Page-258), Integral Equations (Page-302),
650 ## - SUBJECT ADDED ENTRY--TOPICAL TERM
Topical term or geographic name entry element Numerical Methods
9 (RLIN) 56168
942 ## - ADDED ENTRY ELEMENTS (KOHA)
Source of classification or shelving scheme
Koha item type Book
Holdings
Withdrawn status Lost status Source of classification or shelving scheme Damaged status Not for loan Permanent Location Current Location Shelving location Date acquired Total Checkouts Full call number Barcode Date last seen Date last checked out Price effective from Koha item type Public note
          Military College of Signals (MCS) Military College of Signals (MCS) General Stacks 12/12/2016 1 519.4,SHA MCS31144 03/12/2025 08/12/2022 12/12/2016 Book Almirah No.14, Shelf No.4
© 2023 Central Library, National University of Sciences and Technology. All Rights Reserved.